Регионална библиотека "Любен Каравелов" - Русе

Без дом (Запис номер 72463)

MARC детайли
000 -Лидер
Контролно поле с фиксирана дължина 01520nam a2200409 c 4500
003 - Код на организацията, давaща контролен номер
Контролно поле BLK
005 - Дата и час на последна редакция
Контролно поле 20250802142655.0
008 - Елементи от данни с фиксирана дължина
fixed length control field 180408b bul|||||r ||||||| ||bul||
010 ## - Наследен системен номер
LC control number KNG00076838000
020 ## - Международен стандартен номер на книга ISBN
Международен стандартен номер на книга ISBN 954-26-0452-1
020 ## - Международен стандартен номер на книга ISBN
Международен стандартен номер на книга ISBN 9789542604525
040 ## - Източник на каталожния запис
Идентификатор на билиотеката - собственик на записа BLK
041 ## - Код за език
Код за езика на текст/звукозапис или на отделно заглавие Български
Код за езика КДБФ Български
080 ## - УДК
Текстов определител УДК Френска литература
УДК код - определител по УДК 821.133.1
УДК определител -93-31
УДК - код + определител 821.133.1-93-31
100 1# - Редна дума - Автор
Автор Мало, Хектор
Авторска отговорност първи автор
R(LIN) 259281
139 ## - Редно поле
Редна дума Мало, Хектор
Авторски знак Малк - М 23
245 10 - Сведения за заглавието
Заглавие Без дом
Редно поле (дума) Хектор Мало; прев. Анета Тошева, Венера Атанасова.
250 ## - Област на изданието
Сведения за изданието Адапт. изд.
257 ## - Страна на издаване
Страна на създаване/издаване Франция
260 ## - Област на издателските данни
Място на издаване, разпространение и проч. Пловдив
Име на издателя, разпространителя и проч. Хермес
Година на издаване 2006
Печатница Хасково : Полиграфюг
300 ## - Физическа характеристика
Страници 224 с.
Размери/Мащаб 20 см
380 ## - Жанр
Жанр Детска худож. лит.
490 1# - СЕРИИ (Колекции)
Име на серия Златно перо : Детско-юношеска класика
500 ## - Общи забележки
Забележка Ориг. загл. Sans famille / Hector Malot. - Доп. тир. 2013, 2017.
653 ## - Ключова дума – ненормативна
Ключова дума романи
653 ## - Ключова дума – ненормативна
Ключова дума адаптирани книги
653 ## - Ключова дума – ненормативна
Ключова дума детска литература
700 ## - Други автори (авторска отговорност)
Лично име Тошева, Анета Илиева
9 (RLIN) 366009
700 1# - Други автори (авторска отговорност)
Лично име Атанасова, Венера Иванова
Автороска отговорност (Описва отношението между автора и произведението) прев.
9 (RLIN) 363320
852 ## - Местоположение
Форматна сигнатура Цб 235053
856 4# - Електронен адрес и достъп
Електронен формат pdf - файл
856 4# - Електронен адрес и достъп
Електронен формат pdf - файл
999 ## - СИСТЕМНИ КОНТРОЛНИ НОМЕРА
Koha biblionumber 72463
Koha biblioitemnumber 72463
942 ## - АРТИКУЛИ
Вид на библиотечния материал Книги
Скрит в OPAC Не
Koha issues (borrowed), all copies 36
Периодичен библиозапис Да
944 ## - СЪЗДАВАНЕ И РЕДАКЦИЯ на ЗАПИСА
Създаване/Редакция Създаване
Дата на регистрацията/редакция 01.08.2007
Статус, дата на статуса Ива Цветкова
Служител, извършил регистрацията/редакцията 30543
944 ## - СЪЗДАВАНЕ И РЕДАКЦИЯ на ЗАПИСА
Създаване/Редакция Редакция
Дата на регистрацията/редакция 26.11.2014
Статус, дата на статуса ф /
Служител, извършил регистрацията/редакцията Людмила_Стоянова
999 ## - СИСТЕМНИ КОНТРОЛНИ НОМЕРА
Koha biblioitemnumber 72463
Наличности
Код за отписване Код за изгубен артикул Код за повреда Коз за рестрикции Код за отдаване Артикулен № Име на библиотеката - собственик Име на библиотеката, в която се намира в момента Статус (Текущо местоположение) Дата на вписване в системата Местоположение - отдел Цена в лева Инвентарен номер Систематично азбучна сигнатура Баркод Номер на екземпляра Цена в евро Служебна бележка Служебен тип на артикула Източник на класификационната схема
  Не е изгубен Не е повреден без рестрикции ползва се в читалня 118010 Регионална библиотека "Любен Каравелов" Русе Регионална библиотека "Любен Каравелов" Русе Хранилище 2007-08-01 Хранилище 4.00 120000715974 Цб 235053 120000715974 1 2.05 Дост: Dp Вид: Д N: 9 Дата: 08.02.2007 Книги  
  Не е изгубен Не е повреден без рестрикции заемане за дома 118011 Регионална библиотека "Любен Каравелов" Русе Регионална библиотека "Любен Каравелов" Русе Детски отдел 2012-10-23 Детски отдел 4.00 120000760694 ДХ 820/899/М 23 120000760694 2 2.05 Дост: DA Вид: А N: 19 Дата: 19.10.2012 Дата инв: 07.08.2015 Бележки инв: Д2015 Книги Universal Decimal Classification
  Не е изгубен Не е повреден без рестрикции заемане за дома 118012 Регионална библиотека "Любен Каравелов" Русе Регионална библиотека "Любен Каравелов" Русе Детски отдел 2014-11-28 Детски отдел 4.50 120000782738 ДХ 820/899/М 23 120000782738 3 2.30 Дост: Pk Вид: Ф N: 417 Дата: 21.11.2014 Дата инв: 07.08.2015 Бележки инв: Д2015 Книги Universal Decimal Classification
  Не е изгубен Не е повреден без рестрикции заемане за дома 118013 Регионална библиотека "Любен Каравелов" Русе Регионална библиотека "Любен Каравелов" Русе Детски отдел 2014-11-28 Детски отдел 4.50 120000782739 ДХ 820/899/М 23 120000782739 4 2.30 Дост: Pk Вид: Ф N: 417 Дата: 21.11.2014 Дата инв: 07.08.2015 Бележки инв: Д2015 Книги  
  Не е изгубен Не е повреден без рестрикции заемане за дома 804268 Регионална библиотека "Любен Каравелов" Русе Регионална библиотека "Любен Каравелов" Русе Детски отдел 2020-10-28 Детски отдел 3.46   821-93/М 23 Х 120000849336   1.77   Книги Universal Decimal Classification
  Не е изгубен Не е повреден без рестрикции заемане за дома 804269 Регионална библиотека "Любен Каравелов" Русе Регионална библиотека "Любен Каравелов" Русе Детски отдел 2020-10-28 Детски отдел 3.46   821-93/М 23 Х 120000849338   1.77   Книги Universal Decimal Classification
  Не е изгубен Не е повреден без рестрикции заемане за дома 804270 Регионална библиотека "Любен Каравелов" Русе Регионална библиотека "Любен Каравелов" Русе Детски отдел 2020-10-28 Детски отдел 3.46   821-93/М 23 Х 120000849334   1.77   Книги Universal Decimal Classification
  Не е изгубен Не е повреден без рестрикции заемане за дома 804271 Регионална библиотека "Любен Каравелов" Русе Регионална библиотека "Любен Каравелов" Русе Детски отдел 2020-10-28 Детски отдел 3.46   821-93/М 23 Х 120000849335   1.77   Книги Universal Decimal Classification
  Не е изгубен Не е повреден без рестрикции заемане за дома 804272 Регионална библиотека "Любен Каравелов" Русе Регионална библиотека "Любен Каравелов" Русе Детски отдел 2020-10-28 Детски отдел 3.46   821-93/М 23 Х 120000849337   1.77   Книги Universal Decimal Classification
Vip Innovations Ltd, Rousse, Bulgaria 2025